| 000 | 00836nam a22002537a 4500 | ||
|---|---|---|---|
| 003 | UA-OsUOA | ||
| 001 | 25960 | ||
| 007 | ta | ||
| 008 | 20040430b un ||||| |||| 00| 0 ukr d | ||
| 100 | _aФоминова М.А. | ||
| 090 |
_a37.02:7 _bФ76 |
||
| 942 | _cBK | ||
| 040 |
_aUA-OsUOA _brus _cUA-OsUOA _dUA-OsUOA |
||
| 245 |
_aМетодические материалы по предметам: "Музыка", "Мировая художественная культура", "Театр" _bВ контексте образовательной области "Искусство" (в помощь учителю) |
||
| 300 | _a228 с. | ||
| 955 | _a0 | ||
| 041 | _arus | ||
| 080 | _a37.02:7 | ||
| 020 | _a5-93818-012-0 | ||
| 260 |
_aМосква _bФирма МХК _c2001 |
||
| 044 | _aRU | ||
| 650 | 7 | _2UDC | |
| 999 |
_c312266 _d312266 |
||